Songs from the 80s Quiz Stats

 Plays Quiz not verified by Sporcle

Score 0/18 Timer 03:00
0 Plays Today
Hint Answer % Correct
wake me up before you go gowham
88.9%
Another one bites the dustQueen
83.3%
Shouttears for fears
68.5%
Cruel summerBananarama
66.7%
Love is a battlefieldPat benatar
66.7%
footloosekenny loggins
66.7%
Heaven is a place on earthBelinda carlisle
63%
West end girlsPet shop boys
61.1%
I think were alone nowTiffany
57.4%
Hint Answer % Correct
Dont you want me babyHuman league
50%
Girls just wanna have funCyndy Lauper
46.3%
I just died in your armsCutting crew
46.3%
I ran so far away flock of Seagulls
42.6%
One night in bangkokmurray head
42.6%
Dont dream its overcrowded house
31.5%
The love catsThe cure
31.5%
Big in japanAlphaville
27.8%
Computer lovekraftwerk
14.8%

You're not logged in!

Compare scores with friends on all Sporcle quizzes.
OR
Log In

Show Comments

Extras

Created Sep 1, 2014ReportNominate
Tags:Song Quiz

Top Quizzes Today


Score Distribution

Your Account Isn't Verified!

In order to create a playlist on Sporcle, you need to verify the email address you used during registration. Go to your Sporcle Settings to finish the process.

Report this User

Report this user for behavior that violates our Community Guidelines.

Details: